00342nam a2200121Ia 4500008004000000020001800040082001600058100004100074245004000115260003400155300000800189650002300197210210b1991 xxu||||| |||| 00| 0 eng d a0 553 28954 3 a032.02 GUIN aGUINNESS BOOK OF WORLD RECORDS 1991. aGuinnes book of world records 1991. aNew York.bBantam booksc1991 a820 aGuinness Records